BIBLIOTHÈQUE DE LA MAISON DU MEXIQUE

Logo 1 Logo 2

Atencingo (notice nᵒ 10934)

détails MARC
000 -Sello discográfico
campo de control de longitud fija 01078nam a2200337 4500
005 - Identificación de versión
campo de control 20251016082451.0
035 ## - Otros números de control del sistema
Número de control del sistema 9999
099 ## - fechas locales
Tipo de ítem Koha LIBRO
100 ## - Datos de procesamiento general
Datos de procesamiento general 20000703d1975 m y1spay5003 ba
101 1# - Idioma del recurso
Idioma del texto, banda sonora, etc. Español; Castellano
Idioma de la obra original Inglés
105 ## - Campo de datos codificados: Material textual, monográfico
Datos codificados de monografía a 001zy
200 1# - Título y mención de responsabilidad
Título propio Atencingo
Designación general del material texto impreso
Otra información del título la política de la lucha agraria en un ejido mexicano
Primer mención de responsabilidad Davil Ronfeldt
Declaración de responsabilidad subsiguiente traducción Mónica Hanson
205 ## - Declaración de edición
Declaración de edición 1a ed
210 ## - Publicación, distribución, etc.
Lugar de publicación, distribución, etc. México
Nombre del editor, distribuidor, etc. Fondo de Cultura Económica
Fecha de publicación, distribución, etc. 1975
215 ## - Descripción física
Designación de material específico y extensión del ítem 278 p
Otras características físicas il.
Dimensiones 21 cm
345 ## - Nota de información de adquisición
Fuente de adquisición/dirección de la suscripción [OBSOLETO] Donación
410 #1 - Series
Título Colección Tierra Firme
454 #1 - Traducción de
Título Atencingo. The Politics of Agrarian Struggle in a Mexican Ejido
606 ## - Término temático usado como materia
Elemento de entrada Reforma agraria
Subdivisión geográfica México
Número Koha 2330
606 ## - Término temático usado como materia
Elemento de entrada Tierra
Subdivisión temática Tenencia, Derecho de
Subdivisión geográfica México
Número Koha 1083
660 ## - Código de área geográfica
Código MX
700 ## - Nombre personal - Responsabilidad primaria
Elemento de entrada Ronfeldt
Parte del nombre distinta del elemento de entrada David
Fechas 1941-
Número Koha 17515
702 ## - Nombre personal - Responsabilidad secundaria
Elemento de entrada Hanson
Parte del nombre distinta del elemento de entrada Mónica
Número Koha 17516
801 #0 - Fuente de origen
Agencia cm
900 ## -
-- 1/678
900 ## -
-- 7100012460\050700
942 ## - ELEMENTOS DE ENTRADA SECUNDARIOS (KOHA)
Tipo de ítem Koha Livre
996 ## -
-- MEX
-- 751145101
-- MMAG
-- 007460
-- 333 R772A
-- 20230214LIV
Exemplaires
Estatus retirado Estado de daño Estado de pérdida Fecha de adquisición Biblioteca de origen Biblioteca actual Ubicación en estantería Código de barras Precio de reemplazo Signatura topográfica completa No para préstamo Tipo de ítem Koha Nota pública Nota no pública
      05/08/2025 Casa México Paris Casa México Paris   007460 05/08/2025 333 R772A   Livre 20230214LIV 751145101